000 00549nmm a2200181Ia 4500
008 251105s9999||||xx |||||||||||||||||und||
020 _a9788410200074
041 _aspa
100 _aShimazaki, Aki
245 0 _aFuki-No-Tô, La granja de Atsuko
264 _a[Madrid, España] :
_bNordica Libros,
_c[Fecha de publicación no identificada]
300 _a0 páginas
490 _aOtras Latitudes
700 _aShimazaki, Aki
700 1 _a Jáuregui Eguía, Íñigo
856 _uhttps://public.digitaliapublishing.com/a/161664
942 _cCF
999 _c71378
_d71378